| 000 | 00663nam a2200217Ia 4500 | ||
|---|---|---|---|
| 005 | 20221121111656.0 | ||
| 008 | 131103s9999 xx 000 0 und d | ||
| 020 |
_a8126902922 _cRs 495 |
||
| 040 | _aLoreto College | ||
| 041 | _aEnglish | ||
| 082 |
_a821.7 _bWOR-HER |
||
| 100 | _aHereford, C.H. | ||
| 245 | 4 |
_aThe age of Wordworth _cC H Hereford. Foreword by Mohit K Ray |
|
| 260 |
_aNew Delhi _bAtlantic Pub and Dist _c2003 |
||
| 300 | _axxvi,260p | ||
| 504 | _aIncludes bibliographical notes and index | ||
| 650 | _aWordsworth, William,1770-1850 - Criticism and Interpretation | ||
| 700 | _aRay, Mohit K., foreword | ||
| 850 | _aLCLIB | ||
| 942 | _cBK | ||
| 999 |
_c20135 _d70614 |
||